00978nam a22002535i 4500001000700000003000900007005001700016008004100033020001800074080001000092245011600102260004100218300002200259490005700281500001500338650003200353650003000385650003000415700003600445830006500481852003600546999001900582952012300601177006ES-MaACL20250812050900.0110223s1982 sp |||| | spa d a84-252-1113-1 a7.03200aArte antiguo b: Próximo Oriente, Grecia y Roma / cedición a cargo de Antonio José Pitarch ... [et al.]. aBarcelona : bGustavo Gili, c[1982] a453 p. ; c20 cm.1 aFuentes y documentos para la historia del arte ; v1 aÍndices. 7aArte antiguo2embne9145358 7aArte griego2embne91022107aArte romano2embne9103141 aPitarch, Antonio José.9924041 aFuentes y documentos para la historia del arte ; v19190327 aES-MaACLjE-14422 xOlim P-329 c177006d177006 00104070aATENEOMbATENEOMcDEPO2d2011-02-23eCOMl0oE-14422p1185907r2023-02-23 00:00:00w2023-02-23yMONOGRAFIA